[Event "33rd Pula Open 2019"]
[Site "Pula"]
[Date "2019.06.29"]
[Round "9.2"]
[White "Kyc, Jerzy"]
[Black "Beletic, Daniel"]
[Result "1-0"]
[WhiteElo "2279"]
[BlackElo "2380"]
[Annotator "NA RC"]
[PlyCount "46"]
[EventDate "2019.06.22"]
[EventType "swiss"]
[EventCountry "CRO"]
[SourceTitle "playchess.com"]
[Source "ChessBase"]
[SourceQuality "1"]
[TimeControl "5400+30"]

1. e4 {[%emt 0:00:30]} e5 {[%emt 0:20:30]} 2. Nf3 {[%emt 0:00:00]} d5 {[%emt 0:00:00]} 3. exd5 {[%emt 0:00:00]} Bd6 {[%emt 0:00:00]} 4. Nc3 {[%emt 0:01:30]} Nf6 {[%emt 0:00:30]} 5. Bb5+ {[%emt 0:01:30]} Nbd7 {[%emt 0:00:30]} 6. O-O {[%emt 0:01:30]} O-O {[%emt 0:01:30]} 7. Re1 {[%emt 0:03:30]} Nxd5 {[%emt 0:15:30]} 8. Nxd5 {[%emt 0:01:30]} c6 {[%emt 0:00:30]} 9. d4 {[%emt 0:06:30]} exd4 {[%emt 0:06:30]} 10. Bg5 {[%emt 0:02:30]} f6 {[%emt 0:00:30]} 11. Bf4 {[%emt 0:06:30]} Ne5 {[%emt 0:00:30]} 12. Nxe5 {[%emt 0:01:30]} fxe5 {[%emt 0:00:30]} 13. Bxe5 {[%emt 0:00:30]} Bxe5 {[%emt 0:07:30]} 14. Rxe5 {[%emt 0:00:00]} cxb5 {[%emt 0:00:30]} 15. Qxd4 {[%emt 0:02:00]} Bd7 {[%emt 0:00:30]} 16. Rae1 {[%emt 0:01:30]} Rf7 {[%emt 0:01:30]} 17. Re7 {[%emt 0:01:30]} Qf8 {[%emt 0:00:00]} 18. Rxf7 {[%emt 0:00:30]} Qxf7 {[%emt 0:00:00]} 19. Ne7+ {[%emt 0:00:00]} Kf8 {[%emt 0:00:30]} 20. Qxd7 {[%emt 0:00:00]} Re8 {[%emt 0:00:00]} 21. Qxb7 {[%emt 0:00:30]} Rxe7 {[%emt 0:00:00]} 22. Qxe7+ {[%emt 0:00:30]} Qxe7 {[%emt 0:00:30]} 23. Rxe7 {[%emt 0:00:00]} Kxe7 {[%emt 0:00:00]} 1-0

[Event "33rd Pula Open 2019"]
[Site "Pula"]
[Date "2019.06.29"]
[Round "9.4"]
[White "Jovanovic, Zoran"]
[Black "Trkulja, Goran"]
[Result "1-0"]
[WhiteElo "2503"]
[BlackElo "2299"]
[Annotator "TA"]
[PlyCount "53"]
[EventDate "2019.06.22"]
[EventType "swiss"]
[EventCountry "CRO"]
[SourceTitle "playchess.com"]
[Source "ChessBase"]
[SourceQuality "1"]

{[%evp 11,53,23,29,17,14,-14,56,60,53,68,69,64,69,68,65,68,65,68,51,50,95,79,236,237,323,340,393,391,397,392,370,347,378,364,340,325,322,295,347,333,472,462,675,660]} 1. e4 c5 2. Nc3 a6 3. g3 b5 4. Bg2 Bb7 5. Nge2 e6 6. O-O Nf6 7. d3 {B23: Closed Sicilian: Lines without g3} d6 (7... b4 8. Na4 d6 9. f4 Nbd7 10. f5 exf5 11. Rxf5 Qc7 12. b3 g6 13. Rf1 Bg7 14. Nb2 O-O {1-0 (35) Petrov,N (2593)-Khismatullin,D (2621) St Petersburg 2018}) 8. h3 Be7 ({Black should play} 8... Nc6 $11) 9. e5 $146 {White is slightly better.} ({Predecessor:} 9. Be3 O-O 10. f4 b4 11. Nb1 Qc7 12. g4 d5 13. e5 {0-1 (58) Fruehauf,N (1978)-Golder,W (2072) Pfarrkirchen 2017}) 9... Nd5 10. Nxd5 Bxd5 11. Bxd5 exd5 12. e6 $36 {[%mdl 2048] [#] Strongly threatening exf7+. White is pushing.} O-O $1 13. Nf4 d4 14. Qf3 Ra7 15. Qd5 Bf6 16. Bd2 Be5 $2 (16... Qc7 $16) 17. exf7+ $18 Raxf7 18. Ne6 {[%mdl 64] [#] Double Attack} Qc8 19. Nxf8 Kxf8 20. f4 Bf6 21. Rae1 {[%cal Ba1e1,Be1e2,Be2e8,Be8c8][%mdl 32]} Be7 22. Qa8 Kg8 23. Re2 Bf8 24. Kh2 c4 25. Bb4 Qc7 (25... Qb7 $142 26. Qxb7 Rxb7) 26. Re8 Nc6 (26... Nd7 $142 27. Rfe1 cxd3 28. cxd3 Qc2+ 29. R1e2 Qxd3 30. Bxd6 h5 31. Bxf8 Nxf8) 27. Rc8 {Accuracy: White = 71%, Black = 36%.} 1-0

[Event "33rd Pula Open 2019"]
[Site "Pula"]
[Date "2019.06.29"]
[Round "9.5"]
[White "Tisaj, Domen"]
[Black "Tratar, Marko"]
[Result "1-0"]
[WhiteElo "2232"]
[BlackElo "2463"]
[Annotator "RC"]
[PlyCount "61"]
[EventDate "2019.06.22"]
[EventType "swiss"]
[EventCountry "CRO"]
[SourceTitle "playchess.com"]
[Source "ChessBase"]
[SourceQuality "1"]
[TimeControl "5400+30"]

1. d4 {[%emt 0:00:30]} e6 {[%emt 0:09:30]} 2. c4 {[%emt 0:00:00]} Bb4+ {[%emt 0:00:30]} 3. Bd2 {[%emt 0:00:00]} Qe7 {[%emt 0:00:30]} 4. Qc2 {[%emt 0:13:30]} f5 {[%emt 0:20:30]} 5. e3 {[%emt 0:01:30]} Nf6 {[%emt 0:06:30]} 6. Bd3 {[%emt 0:00:30]} b6 {[%emt 0:05:30]} 7. Ne2 {[%emt 0:00:30]} Bb7 {[%emt 0:00:30]} 8. f3 {[%emt 0:01:30]} Bxd2+ {[%emt 0:18:30]} 9. Qxd2 {[%emt 0:02:30]} g6 {[%emt 0:00:30]} 10. Nbc3 {[%emt 0:02:30]} O-O {[%emt 0:05:30]} 11. O-O-O {[%emt 0:02:30]} c5 {[%emt 0:02:30]} 12. d5 {[%emt 0:03:30]} Na6 {[%emt 0:03:30]} 13. e4 {[%emt 0:06:30]} fxe4 {[%emt 0:00:30]} 14. Bxe4 {[%emt 0:01:30]} d6 {[%emt 0:13:27]} 15. h4 {[%emt 0:05:30]} Rad8 {[%emt 0:03:04]} 16. Ng3 {[%emt 0:07:30]} exd5 {[%emt 0:01:34]} 17. Nxd5 {[%emt 0:09:30]} Bxd5 {[%emt 0:00:05]} 18. Bxd5+ {[%emt 0:00:00]} Nxd5 {[%emt 0:00:09]} 19. Qxd5+ {[%emt 0:01:00]} Qf7 {[%emt 0:01:22]} 20. Ne4 {[%emt 0:00:30]} Qxd5 {[%emt 0:01:22]} 21. cxd5 {[%emt 0:07:30]} Nc7 {[%emt 0:00:14]} 22. h5 {[%emt 0:00:30]} Kg7 {[%emt 0:04:10]} 23. Rh4 {[%emt 0:03:30]} g5 {[%emt 0:00:49]} 24. Nxg5 {[%emt 0:00:00]} Rf5 {[%emt 0:00:05]} 25. Rg4 {[%emt 0:00:00]} Kh6 {[%emt 0:00:29]} 26. Ne6 {[%emt 0:11:46]} Nxe6 {[%emt 0:00:06]} 27. dxe6 {[%emt 0:00:04]} d5 {[%emt 0:01:18]} 28. e7 {[%emt 0:01:46]} Re8 {[%emt 0:00:04]} 29. Re1 {[%emt 0:00:03]} Rf7 {[%emt 0:01:04]} 30. Re6+ {[%emt 0:00:05]} Kxh5 {[%emt 0:00:03]} 31. Re1 {[%emt 0:00:05]} 1-0

[Event "33rd Pula Open 2019"]
[Site "Pula"]
[Date "2019.06.29"]
[Round "9.6"]
[White "Fercec, Nenad"]
[Black "Zierke, Oliver"]
[Result "1-0"]
[WhiteElo "2446"]
[BlackElo "2227"]
[Annotator "RC"]
[PlyCount "81"]
[EventDate "2019.06.22"]
[EventType "swiss"]
[EventCountry "CRO"]
[SourceTitle "playchess.com"]
[Source "ChessBase"]
[SourceQuality "1"]
[TimeControl "5400+30"]

1. e4 {[%emt 0:00:30]} c5 {[%emt 0:00:30]} 2. Nf3 {[%emt 0:00:00]} d6 {[%emt 0:00:00]} 3. d4 {[%emt 0:00:00]} cxd4 {[%emt 0:00:00]} 4. Nxd4 {[%emt 0:00:00]} Nf6 {[%emt 0:00:30]} 5. Nc3 {[%emt 0:00:00]} Nc6 {[%emt 0:00:00]} 6. Bg5 {[%emt 0:00:30]} e6 {[%emt 0:00:00]} 7. Qd2 {[%emt 0:00:00]} Be7 {[%emt 0:00:30]} 8. O-O-O {[%emt 0:00:00]} O-O {[%emt 0:00:30]} 9. f4 {[%emt 0:00:30]} h6 {[%emt 0:00:30]} 10. Bh4 {[%emt 0:00:30]} e5 {[%emt 0:00:30]} 11. Nf5 {[%emt 0:00:30]} Bxf5 {[%emt 0:00:30]} 12. exf5 {[%emt 0:00:00]} exf4 {[%emt 0:00:30]} 13. Kb1 {[%emt 0:00:00]} d5 {[%emt 0:00:30]} 14. Bxf6 {[%emt 0:00:30]} Bxf6 {[%emt 0:00:00]} 15. Nxd5 {[%emt 0:00:00]} Be5 {[%emt 0:00:00]} 16. c3 {[%emt 0:01:00]} Ne7 {[%emt 0:15:30]} 17. Bc4 {[%emt 0:00:30]} Nxd5 {[%emt 0:00:30]} 18. Qxd5 {[%emt 0:03:30]} Qf6 {[%emt 0:00:30]} 19. Rhe1 {[%emt 0:05:30]} Rad8 {[%emt 0:04:30]} 20. Qe4 {[%emt 0:00:30]} Rxd1+ {[%emt 0:04:30]} 21. Rxd1 {[%emt 0:00:00]} Rd8 {[%emt 0:00:00]} 22. Bd5 {[%emt 0:07:00]} b5 {[%emt 0:04:00]} 23. a3 {[%emt 0:02:30]} a5 {[%emt 0:03:30]} 24. Rd3 {[%emt 0:12:30]} Bd6 {[%emt 0:08:30]} 25. Bb3 {[%emt 0:05:30]} Rc8 {[%emt 0:10:30]} 26. Qd5 {[%emt 0:25:30]} Be5 {[%emt 0:05:30]} 27. Qxb5 {[%emt 0:05:30]} Rb8 {[%emt 0:03:30]} 28. Qc4 {[%emt 0:01:30]} Qxf5 {[%emt 0:00:30]} 29. Ka2 {[%emt 0:00:30]} g5 {[%emt 0:15:30]} 30. Rd5 {[%emt 0:00:30]} Qf6 {[%emt 0:01:30]} 31. Rxa5 {[%emt 0:02:30]} Kg7 {[%emt 0:03:12]} 32. Qe4 {[%emt 0:01:30]} Re8 {[%emt 0:01:37]} 33. Ra7 {[%emt 0:01:30]} Re7 {[%emt 0:00:20]} 34. Rxe7 {[%emt 0:00:30]} Qxe7 {[%emt 0:00:04]} 35. h3 {[%emt 0:01:30]} Qf6 {[%emt 0:02:06]} 36. a4 {[%emt 0:01:30]} h5 {[%emt 0:00:12]} 37. Qe2 {[%emt 0:01:30]} Kg6 {[%emt 0:03:56]} 38. a5 {[%emt 0:00:30]} Bb8 {[%emt 0:02:31]} 39. Qe8 {[%emt 0:01:30]} Ba7 {[%emt 0:01:12]} 40. Qg8+ {[%emt 0:00:30]} Kf5 {[%emt 0:00:49]} 41. Bxf7 {[%emt 0:01:30]} 1-0

[Event "33rd Pula Open 2019"]
[Site "Pula"]
[Date "2019.06.29"]
[Round "9.7"]
[White "Zufic, Miroslav"]
[Black "Jazdanovs, Aleksandrs"]
[Result "1-0"]
[WhiteElo "2380"]
[BlackElo "2232"]
[Annotator "RC"]
[PlyCount "29"]
[EventDate "2019.06.22"]
[EventType "swiss"]
[EventCountry "CRO"]
[SourceTitle "playchess.com"]
[Source "ChessBase"]
[SourceQuality "1"]
[TimeControl "5400+30"]

1. c4 {[%emt 0:00:30]} Nf6 {[%emt 0:08:30]} 2. Nc3 {[%emt 0:00:00]} c5 {[%emt 0:02:30]} 3. g3 {[%emt 0:00:00]} e6 {[%emt 0:04:30]} 4. Nf3 {[%emt 0:00:30]} b6 {[%emt 0:00:30]} 5. Bg2 {[%emt 0:00:30]} Bb7 {[%emt 0:00:30]} 6. O-O {[%emt 0:00:30]} a6 {[%emt 0:00:30]} 7. b3 {[%emt 0:09:30]} Be7 {[%emt 0:00:30]} 8. Bb2 {[%emt 0:00:00]} O-O {[%emt 0:01:30]} 9. e3 {[%emt 0:01:00]} Nc6 {[%emt 0:06:30]} 10. Qe2 {[%emt 0:05:30]} d5 {[%emt 0:04:30]} 11. d3 {[%emt 0:00:30]} d4 {[%emt 0:06:30]} 12. exd4 {[%emt 0:10:30]} Nxd4 {[%emt 0:00:30]} 13. Nxd4 {[%emt 0:00:30]} Bxg2 {[%emt 0:00:30]} 14. Kxg2 {[%emt 0:00:30]} Qxd4 {[%emt 0:00:00]} 15. Nd5 {[%emt 0:03:30]} 1-0

[Event "33rd Pula Open 2019"]
[Site "Pula"]
[Date "2019.06.29"]
[Round "9.8"]
[White "Biti, Ozren"]
[Black "Urh, Zala"]
[Result "1/2-1/2"]
[WhiteElo "2374"]
[BlackElo "2127"]
[Annotator "ChessBase"]
[PlyCount "40"]
[EventDate "2019.06.22"]
[EventType "swiss"]
[EventCountry "CRO"]
[SourceTitle "playchess.com"]
[Source "ChessBase"]
[SourceQuality "1"]
[TimeControl "5400+30"]

1. e4 {[%emt 0:00:30]} e5 {[%emt 0:01:30]} 2. Nf3 {[%emt 0:00:00]} Nc6 {[%emt 0:00:00]} 3. Bc4 {[%emt 0:00:00]} Bc5 {[%emt 0:00:00]} 4. c3 {[%emt 0:01:30]} Nf6 {[%emt 0:00:30]} 5. d3 {[%emt 0:00:30]} a6 {[%emt 0:00:00]} 6. a4 {[%emt 0:00:30]} Ba7 {[%emt 0:01:00]} 7. h3 {[%emt 0:04:30]} h6 {[%emt 0:01:30]} 8. Nbd2 {[%emt 0:01:30]} O-O {[%emt 0:00:30]} 9. O-O {[%emt 0:00:30]} d6 {[%emt 0:00:30]} 10. Re1 {[%emt 0:02:30]} Re8 {[%emt 0:00:30]} 11. Nf1 {[%emt 0:02:30]} Be6 {[%emt 0:00:30]} 12. Ng3 {[%emt 0:14:30]} d5 {[%emt 0:05:30]} 13. exd5 {[%emt 0:06:30]} Bxd5 {[%emt 0:00:30]} 14. Bxd5 {[%emt 0:01:30]} Qxd5 {[%emt 0:00:30]} 15. Be3 {[%emt 0:06:30]} Bxe3 {[%emt 0:03:30]} 16. Rxe3 {[%emt 0:04:30]} Rad8 {[%emt 0:01:30]} 17. Qe2 {[%emt 0:05:30]} Qb3 {[%emt 0:11:30]} 18. Ra3 {[%emt 0:09:30]} Qd5 {[%emt 0:01:30]} 19. Ra1 {[%emt 0:04:30]} Qb3 {[%emt 0:06:30]} 20. Ra3 {[%emt 0:00:30]} Qd5 {[%emt 0:00:00]} 1/2-1/2

[Event "33rd Pula Open 2019"]
[Site "Pula"]
[Date "2019.06.29"]
[Round "9.9"]
[White "Medak, Bojan"]
[Black "Jelen, Igor"]
[Result "1/2-1/2"]
[WhiteElo "2342"]
[BlackElo "2353"]
[Annotator "NA"]
[PlyCount "79"]
[EventDate "2019.06.22"]
[EventType "swiss"]
[EventCountry "CRO"]
[SourceTitle "playchess.com"]
[Source "ChessBase"]
[SourceQuality "1"]
[TimeControl "5400+30"]

1. c4 {[%emt 0:00:30]} Nf6 {[%emt 0:03:30]} 2. Nf3 {[%emt 0:00:30]} g6 {[%emt 0:00:30]} 3. b3 {[%emt 0:00:30]} Bg7 {[%emt 0:00:00]} 4. Bb2 {[%emt 0:00:30]} O-O {[%emt 0:00:00]} 5. g3 {[%emt 0:00:30]} c5 {[%emt 0:02:30]} 6. Bg2 {[%emt 0:00:30]} Nc6 {[%emt 0:00:30]} 7. O-O {[%emt 0:02:30]} d5 {[%emt 0:06:30]} 8. cxd5 {[%emt 0:00:30]} Nxd5 {[%emt 0:00:30]} 9. Bxg7 {[%emt 0:00:30]} Kxg7 {[%emt 0:00:00]} 10. d4 {[%emt 0:00:30]} cxd4 {[%emt 0:01:00]} 11. Nxd4 {[%emt 0:00:30]} Ndb4 {[%emt 0:00:30]} 12. Nxc6 {[%emt 0:03:30]} Nxc6 {[%emt 0:01:30]} 13. Nc3 {[%emt 0:03:30]} Qa5 {[%emt 0:11:30]} 14. Bxc6 {[%emt 0:11:30]} Qxc3 {[%emt 0:01:30]} 15. Bg2 {[%emt 0:04:30]} Rb8 {[%emt 0:22:30]} 16. Rc1 {[%emt 0:09:30]} Qe5 {[%emt 0:00:30]} 17. Qc2 {[%emt 0:12:30]} Rd8 {[%emt 0:03:30]} 18. Qc7 {[%emt 0:03:30]} Qxc7 {[%emt 0:00:00]} 19. Rxc7 {[%emt 0:00:00]} Rd7 {[%emt 0:03:00]} 20. Rfc1 {[%emt 0:05:00]} Rxc7 {[%emt 0:00:00]} 21. Rxc7 {[%emt 0:00:30]} Kf8 {[%emt 0:00:00]} 22. b4 {[%emt 0:13:30]} Ke8 {[%emt 0:01:30]} 23. Bd5 {[%emt 0:00:30]} Kd8 {[%emt 0:04:30]} 24. Rc3 {[%emt 0:00:00]} e6 {[%emt 0:02:30]} 25. Bb3 {[%emt 0:05:00]} h5 {[%emt 0:01:30]} 26. Ba4 {[%emt 0:01:30]} Bd7 {[%emt 0:04:30]} 27. Rd3 {[%emt 0:02:01]} b5 {[%emt 0:00:30]} 28. Bb3 {[%emt 0:00:06]} Rc8 {[%emt 0:08:30]} 29. f4 {[%emt 0:04:38]} Rc1+ {[%emt 0:03:46]} 30. Kf2 {[%emt 0:00:06]} Kc7 {[%emt 0:00:57]} 31. Ke3 {[%emt 0:00:25]} Rh1 {[%emt 0:00:59]} 32. h4 {[%emt 0:00:32]} Bc6 {[%emt 0:01:46]} 33. Kd4 {[%emt 0:06:14]} Kd6 {[%emt 0:00:30]} 34. Bc2 {[%emt 0:01:18]} Rh2 {[%emt 0:07:28]} 35. Ke3+ {[%emt 0:01:34]} Kc7 {[%emt 0:01:05]} 36. Rc3 {[%emt 0:00:12]} Kb6 {[%emt 0:01:24]} 37. Kd2 {[%emt 0:00:59]} a6 {[%emt 0:02:04]} 38. a3 {[%emt 0:02:09]} Kb7 {[%emt 0:01:07]} 39. Ke3 {[%emt 0:04:08]} Bd5 {[%emt 0:00:31]} 40. Bb3 {[%emt 0:01:15]} 1/2-1/2

[Event "33rd Pula Open 2019"]
[Site "Pula"]
[Date "2019.06.29"]
[Round "9.10"]
[White "Maier, Christian"]
[Black "Grishchenko, Sergey"]
[Result "1/2-1/2"]
[WhiteElo "2299"]
[BlackElo "2411"]
[Annotator "NA"]
[PlyCount "114"]
[EventDate "2019.06.22"]
[EventType "swiss"]
[EventCountry "CRO"]
[SourceTitle "playchess.com"]
[Source "ChessBase"]
[SourceQuality "1"]
[TimeControl "5400+30"]

1. d4 {[%emt 0:01:30]} Nf6 {[%emt 0:02:30]} 2. Nf3 {[%emt 0:00:30]} c5 {[%emt 0:02:30]} 3. e3 {[%emt 0:00:30]} d5 {[%emt 0:02:30]} 4. c4 {[%emt 0:00:30]} cxd4 {[%emt 0:03:30]} 5. exd4 {[%emt 0:00:30]} g6 {[%emt 0:00:30]} 6. Nc3 {[%emt 0:01:30]} Bg7 {[%emt 0:00:30]} 7. cxd5 {[%emt 0:01:30]} Nxd5 {[%emt 0:12:30]} 8. Qb3 {[%emt 0:03:30]} Nxc3 {[%emt 0:17:30]} 9. bxc3 {[%emt 0:00:30]} O-O {[%emt 0:00:30]} 10. Be2 {[%emt 0:00:30]} Nc6 {[%emt 0:00:00]} 11. O-O {[%emt 0:00:30]} Na5 {[%emt 0:10:00] A35: Symmetrical English: 2 Nc3 Nc6 3 Nf3} (11... b6 12. Ba3 Be6 13. c4 Nxd4 14. Nxd4 Qxd4 15. Bxe7 Rfe8 16. Rad1 Qe5 17. Bf3 Rac8 18. Rfe1 Qc7 19. Bd6 Qxc4 20. Qxc4 Bxc4 {0-1 (39) Dzagnidze,N (2510)-Krush,I (2422) Hengshui 2019}) 12. Qb4 {[%emt 0:06:30]} Be6 {[%emt 0:03:30]} 13. Bg5 {[%emt 0:07:30]} f6 $146 {[%emt 0:09:30]} ({Predecessor:} 13... Re8 14. Bb5 Nc6 15. Bxc6 bxc6 16. Bf4 Bd5 17. Nd2 e5 18. dxe5 Bxe5 19. Bxe5 Rxe5 {0-1 (46) Tuovinen,J-Vetemaa,J (2325) Vantaa 1998}) 14. Be3 {[%emt 0:02:30]} Rc8 {[%emt 0:02:30]} 15. Nd2 {[%emt 0:11:30]} Qc7 {[%emt 0:05:30]} 16. c4 {[%emt 0:09:30]} f5 {[%emt 0:05:15]} 17. d5 {[%emt 0:00:30]} Bf7 {[%emt 0:00:30]} 18. Rac1 {[%emt 0:01:30]} f4 {[%emt 0:05:50]} 19. d6 {[%emt 0:03:30]} Qxd6 {[%emt 0:04:39]} 20. Qxd6 {[%emt 0:02:30]} exd6 {[%emt 0:01:15]} 21. Bxf4 {[%emt 0:00:30]} d5 {[%emt 0:00:28]} 22. c5 {[%emt 0:01:30]} Rfe8 {[%emt 0:05:29]} 23. Bb5 {[%emt 0:00:30]} Nc6 {[%emt 0:00:36]} 24. Rfd1 {[%emt 0:02:30]} Bf6 {[%emt 0:02:23]} 25. Ba4 {[%emt 0:00:30]} Red8 {[%emt 0:00:30]} 26. Nf3 {[%emt 0:01:30]} d4 {[%emt 0:00:18]} 27. a3 {[%emt 0:04:30]} d3 {[%emt 0:00:25]} 28. Bd6 {[%emt 0:00:30]} Nd4 {[%emt 0:00:52]} 29. Nxd4 {[%emt 0:02:30]} Bxd4 {[%emt 0:00:03]} 30. Be7 $11 {[%emt 0:00:30]} Rd5 {[%emt 0:00:06]} 31. g4 {[%emt 0:06:30]} Bb2 {[%emt 0:01:58]} 32. Rb1 {[%emt 0:00:30]} Bxa3 {[%emt 0:00:05]} 33. Rxb7 {[%emt 0:00:30]} Bxc5 {[%emt 0:00:14]} 34. Bb3 {[%emt 0:00:30]} d2 {[%emt 0:01:42]} 35. Bxc5 {[%emt 0:05:30]} Rcxc5 {[%emt 0:00:10]} 36. Rxf7 {[%emt 0:00:30]} Kxf7 {[%emt 0:00:13]} 37. Rxd2 {[%emt 0:00:00]} Ke6 {[%emt 0:00:07]} 38. Ra2 {[%emt 0:00:00]} a5 {[%emt 0:00:09]} 39. Kg2 {[%emt 0:00:30]} g5 {[%emt 0:01:40]} 40. Re2+ {[%emt 0:00:30]} Kd6 {[%emt 0:00:32]} 41. Bxd5 {[%emt 0:00:00]} Rxd5 {[%emt 0:00:06]} 42. Re8 {[%emt 0:00:00]} Kc5 {[%emt 0:00:13]} 43. h4 {[%emt 0:00:30]} gxh4 {[%emt 0:00:19]} 44. Kh3 {[%emt 0:00:30]} a4 {[%emt 0:00:25]} 45. f4 {[%emt 0:00:30]} a3 {[%emt 0:00:28]} 46. f5 {[%emt 0:00:30]} Kb4 {[%emt 0:00:31]} 47. f6 {[%emt 0:01:30]} Rd3+ {[%emt 0:01:28]} 48. Kxh4 {[%emt 0:00:30]} Rf3 {[%emt 0:00:26]} 49. g5 {[%emt 0:01:30]} a2 {[%emt 0:00:38]} 50. Ra8 {[%emt 0:00:00]} Kb3 {[%emt 0:00:21]} 51. Kh5 {[%emt 0:00:00]} Rh3+ {[%emt 0:00:58]} 52. Kg4 {[%emt 0:00:30]} Rh1 {[%emt 0:00:04]} 53. Kf5 {[%emt 0:00:30]} Rf1+ {[%emt 0:00:37]} 54. Ke6 {[%emt 0:00:00]} Re1+ {[%emt 0:00:41]} 55. Kf5 {[%emt 0:02:00]} Rf1+ {[%emt 0:00:35]} 56. Ke6 {[%emt 0:00:00]} Re1+ {[%emt 0:00:03]} 57. Kf5 {[%emt 0:00:00]} Rf1+ {[%emt 0:01:25]} 1/2-1/2

[Event "33rd Pula Open 2019"]
[Site "Pula"]
[Date "2019.06.29"]
[Round "9.11"]
[White "Petran, Peter"]
[Black "Berezjuk, Sergej"]
[Result "1/2-1/2"]
[WhiteElo "2246"]
[BlackElo "2411"]
[Annotator "NA"]
[PlyCount "120"]
[EventDate "2019.06.22"]
[EventType "swiss"]
[EventCountry "CRO"]
[SourceTitle "playchess.com"]
[Source "ChessBase"]
[SourceQuality "1"]
[TimeControl "5400+30"]

1. Nf3 {[%emt 0:00:30]} c5 {[%emt 0:00:30]} 2. g3 {[%emt 0:00:00]} Nc6 {[%emt 0:00:00]} 3. Bg2 {[%emt 0:00:00]} e5 {[%emt 0:00:00]} 4. e4 {[%emt 0:00:30]} g6 {[%emt 0:00:30]} 5. Nc3 {[%emt 0:00:30]} Bg7 {[%emt 0:00:00]} 6. d3 {[%emt 0:00:30]} Nge7 {[%emt 0:00:00]} 7. O-O {[%emt 0:02:30]} d6 {[%emt 0:01:30]} 8. Nd2 {[%emt 0:00:30]} O-O {[%emt 0:00:30]} 9. Nc4 {[%emt 0:00:30]} Be6 {[%emt 0:07:30]} 10. Nd5 {[%emt 0:01:30]} h6 {[%emt 0:13:30] B25: Closed Sicilian: 3 g3, lines without early Be3} (10... Kh8 11. c3 Qd7 12. a4 f5 13. a5 Bg8 14. Nxe7 Nxe7 15. Qa4 Rad8 16. Bg5 Bf6 17. Bxf6+ Rxf6 18. exf5 gxf5 {1-0 (56) Grischuk,A (2767)-Gelfand,B (2695) Moscow 2018}) 11. a4 {[%emt 0:00:30]} Rb8 {[%emt 0:03:30]} 12. c3 {[%emt 0:00:30]} f5 {[%emt 0:01:30]} 13. f4 {[%emt 0:02:30]} Qd7 $146 {[%emt 0:02:30]} ({Predecessor:} 13... Kh7 14. Bd2 Qd7 15. a5 Rbe8 16. Qa4 Qd8 17. Qb5 Bc8 18. Nxe7 Nxe7 19. fxe5 dxe5 20. Rad1 f4 21. gxf4 {½-½ (21) Vesselovsky,S (2401)-Kuchynka,L (2203) Czechia 2008}) 14. Be3 {[%emt 0:10:30]} b6 {[%emt 0:03:30]} 15. Qd2 {[%emt 0:04:30]} Kh7 {[%emt 0:00:00]} 16. Rf2 {[%emt 0:01:30]} Rbd8 {[%emt 0:09:00]} 17. Qc2 {[%emt 0:01:30]} Bg8 {[%emt 0:03:30]} 18. Nxe7 {[%emt 0:16:30]} Nxe7 {[%emt 0:03:30]} 19. b3 {[%emt 0:05:30]} exf4 {[%emt 0:02:30]} 20. Bxf4 {[%emt 0:11:30]} fxe4 {[%emt 0:16:30]} 21. dxe4 {[%emt 0:00:30]} Bxc4 {[%emt 0:00:30]} 22. bxc4 {[%emt 0:00:30]} Qe6 {[%emt 0:01:30]} 23. Qd3 {[%emt 0:02:30]} g5 {[%emt 0:05:30]} 24. e5+ {[%emt 0:04:30]} Ng6 {[%emt 0:01:30]} 25. Bd5 {[%emt 0:01:30]} dxe5 {[%emt 0:00:30]} 26. Be3 {[%emt 0:01:30]} e4 {[%emt 0:02:30]} 27. Qc2 {[%emt 0:07:30]} Rxf2 {[%emt 0:01:47]} 28. Bxf2 {[%emt 0:00:30]} Qf6 {[%emt 0:01:33]} 29. Bxe4 {[%emt 0:01:30]} Rd6 {[%emt 0:00:00]} 30. Rd1 {[%emt 0:05:07]} Rxd1+ {[%emt 0:01:05]} 31. Qxd1 {[%emt 0:00:22]} Kh8 {[%emt 0:00:11]} 32. a5 $11 {[%emt 0:03:02]} Nf8 {[%emt 0:01:32]} 33. axb6 {[%emt 0:04:29]} axb6 {[%emt 0:00:13]} 34. Be1 {[%emt 0:01:05]} Qe7 {[%emt 0:07:44]} 35. Qd5 {[%emt 0:01:40]} Nd7 {[%emt 0:00:41]} 36. Bd2 {[%emt 0:01:08]} Nf6 {[%emt 0:02:20]} 37. Qa8+ {[%emt 0:00:16]} Bf8 {[%emt 0:01:27]} 38. Bf3 {[%emt 0:01:09]} Kg7 {[%emt 0:00:23]} 39. Qb7 {[%emt 0:01:27]} Qxb7 {[%emt 0:00:42]} 40. Bxb7 {[%emt 0:00:01]} Bd6 {[%emt 0:00:53]} 41. Kg2 {[%emt 0:00:09]} Kg6 {[%emt 0:00:35]} 42. h3 {[%emt 0:01:23]} Nh5 {[%emt 0:02:01]} 43. Be1 {[%emt 0:00:13]} Kf6 {[%emt 0:00:13]} 44. Kf3 {[%emt 0:00:12]} Ke5 {[%emt 0:00:41]} 45. Bd2 {[%emt 0:00:43]} Be7 {[%emt 0:01:15]} 46. g4 {[%emt 0:00:46]} Nf4 {[%emt 0:01:10]} 47. h4 {[%emt 0:00:36]} Ng6 {[%emt 0:01:19]} 48. h5 {[%emt 0:01:49]} Nf4 {[%emt 0:00:14]} 49. Bxf4+ {[%emt 0:01:32]} gxf4 {[%emt 0:00:02]} 50. Be4 {[%emt 0:00:23]} Bh4 {[%emt 0:00:06]} 51. Bb7 {[%emt 0:01:37]} Be1 {[%emt 0:00:24]} 52. Ba6 {[%emt 0:00:19]} Bxc3 {[%emt 0:00:06]} 53. Bb5 {[%emt 0:00:04]} Be1 {[%emt 0:00:13]} 54. Ba6 {[%emt 0:00:04]} Bh4 {[%emt 0:00:07]} 55. Bb5 {[%emt 0:00:03]} Bg5 {[%emt 0:00:33]} 56. Ba6 {[%emt 0:00:03]} Kd4 {[%emt 0:00:21]} 57. Bb5 {[%emt 0:00:06]} Kc3 {[%emt 0:00:05]} 58. Ba6 {[%emt 0:00:05]} Kb4 {[%emt 0:00:23]} 59. Bb5 {[%emt 0:00:07]} Ka5 {[%emt 0:01:34]} 60. Ke4 {[%emt 0:00:06]} Kb4 {[%emt 0:00:41]} 1/2-1/2